000 00563nam a2200181Ia 4500
008 151018s9999 xx 000 0 und d
082 _bRBASDV11229
_a891.463
100 _aचंद्रकांत काकोडकर
245 _aकोलाहल
250 _b2
260 _bचंद्रकांत
_c1976
300 _a96
600 _aचंद्रकांत काकोडकर
630 _aकोलाहल
700 _aचंद्रकांत काकोडकर
730 _aकोलाहल
942 _cBOOK
999 _c1013578
_d1013575